| 000 | 02211nam0a2200361 i 4500 | ||
|---|---|---|---|
| 001 | RU\NLR\BIBL_A\010532052 | ||
| 005 | 20260408115835.0 | ||
| 010 |
_a9785992607819 _970 |
||
| 021 |
_aRU _b2014-69850 _94279 |
||
| 035 | _a(NILC)RuMoRGB-007553098 | ||
| 035 | _a(NLR Aleph) 010532052 | ||
| 090 |
_a10261310 _c10261310 |
||
| 100 | _a20141117d2014 km y0rusy50 ca | ||
| 101 | 0 | _arus | |
| 102 | _aRU | ||
| 105 | _aa|||z|||100yy | ||
| 200 | 1 |
_aТрадиционная славянская культура и современный мир _eматериалы V Кирилло-Мефодиевских чтений, 23 мая 2014 г., Астрахань, [проходивших в рамках празднования Дней славянской письменности и культуры _f[сост.: Л.В. Спесивцева _gредкол. : Г. Г. Исаев и др.] |
|
| 210 |
_aАстрахань _cАстраханский университет _d2014 |
||
| 215 |
_a191 с. _cил. _d21 |
||
| 300 | _aВ надзаг.: М-во образования и науки РФ, Астраханский гос. ун-т | ||
| 320 | _aБиблиогр. в конце ст. | ||
| 606 |
_aРусская филология _jСъезды, совещания и т.п _91533718 _3RU\NLR\AUTH\66969420 |
||
| 686 | 1 | _aШ041.2я431 | |
| 702 | 1 |
_aСпесивцева _bЛ. В. _gЛюбовь Валентиновна _4220 |
|
| 702 | 1 |
_4220 _7ca _8rus _aИсаев _bГ. Г. _cд-р филол. наук _f1944- _gГеннадий Григорьевич _97849 _3RU\NLR\AUTH\7724799 |
|
| 711 | 1 | 2 |
_aКирилло-Мефодиевские чтения _d5 _eАстрахань _f2014 _9431840 _3RU\NLR\AUTH\880382785 |
| 711 | 1 | 2 |
_aДни славянской письменности и культуры _eАстрахань _f2014 _9431845 _3RU\NLR\AUTH\880382787 |
| 801 | 0 |
_aRU _bРГБ _c20140916 _gRCR |
|
| 942 | _cBOOK | ||
| 980 | _aNBR | ||